Deutsche Kfz-Kennzeichen S-Z - Statistiken

Allgemein
  • Dieses Quiz wurde 83 mal gespielt
  • Das Durchschnittsergebnis liegt bei 9 aus 15
Antwortstatistiken
Hint Antwort % Korrekt
Würzburg
90%
WOB Wolfsburg
89%
UL Ulm
85%
Z Zwickau
82%
W Wuppertal
81%
TR Trier
78%
WI Wiesbaden
75%
SB Saarbrücken
73%
WHV Wilhelmshaven
55%
SZ Salzgitter
40%
SN Schwerin
36%
WE Weimar
29%
SW Schweinfurt
26%
WB Wittenberg
15%
SBG Strasburg
7%
Keine übereinstimmenden Quizze gefunden
Verteilung der Resultate
Anzahl Personen mit jedem Resultat
Perzentil nach korrekt beantworteten Fragen
Ihre Resultats-Entwicklung
Sie haben dieses Quiz noch nicht gespielt